[Event "GER-ch U10"]
[Site "Oberhof"]
[Date "2012.05.29"]
[Round "5"]
[White "Von Jan, Lena"]
[Black "Silber, Fabian"]
[Result "1-0"]
[WhiteElo "1003"]
[BlackElo "838"]
[PlyCount "91"]
[EventDate "2012.05.27"]
[EventType "swiss"]
[EventRounds "11"]
[EventCountry "GER"]
[SourceTitle "CBM 148 Extra"]
[Source "ChessBase"]
[SourceDate "2012.06.22"]
[SourceVersion "1"]
[SourceVersionDate "2012.06.22"]
[SourceQuality "1"]

1. e4 e5 2. Nf3 Nc6 3. Bb5 d6 4. h3 Bd7 5. c3 a6 6. Ba4 Qf6 7. d3 h6 8. Nbd2 Be6 9. Nf1 d5 10. Ng3 g6 11. Bb3 d4 12. c4 Bb4+ 13. Bd2 Bxd2+ 14. Qxd2 0-0-0 15. Ba4 Bd7 16. 0-0 h5 17. Qg5 Qxg5 18. Nxg5 Rf8 19. Nf3 Nf6 20. Bxc6 Bxc6 21. Nxe5 Bd7 22. b3 h4 23. Ne2 g5 24. Nxd4 g4 25. Nxd7 Kxd7 26. e5 Nh7 27. hxg4 Rfg8 28. Rfe1 Rxg4 29. Re4 Rg5 30. e6+ fxe6 31. Nxe6 Rhg8 32. Nxg5 Rxg5 33. Rxh4 Nf6 34. Rd4+ Ke7 35. Re1+ Kf7 36. Re3 Ng4 37. Rd7+ Kg6 38. Rg3 Ne5 39. Rxg5+ Kxg5 40. Rxc7 Nxd3 41. Rxb7 Kf4 42. Rb6 Nc5 43. b4 Nd3 44. Rxa6 Nxb4 45. Ra4 Nd3 46. c5+ 1-0

[Event "GER-ch U10"]
[Site "Oberhof"]
[Date "2012.05.28"]
[Round "3"]
[White "Stork, Oliver"]
[Black "Silber, Fabian"]
[Result "1-0"]
[WhiteElo "1216"]
[BlackElo "838"]
[PlyCount "35"]
[EventDate "2012.05.27"]
[EventType "swiss"]
[EventRounds "11"]
[EventCountry "GER"]
[SourceTitle "CBM 148 Extra"]
[Source "ChessBase"]
[SourceDate "2012.06.22"]
[SourceVersion "1"]
[SourceVersionDate "2012.06.22"]
[SourceQuality "1"]

1. e4 e5 2. f4 Nc6 3. Nf3 Bd6 4. Nc3 Nf6 5. Bc4 h6 6. 0-0 0-0 7. fxe5 Nxe5 8. Nxe5 Bxe5 9. d4 Bd6 10. e5 Bb4 11. exf6 gxf6 12. Qg4+ Kh8 13. Bxh6 Rg8 14. Qh5 Rg5 15. Bxg5+ Kg7 16. Qxf7+ Kh8 17. Bxf6+ Qxf6 18. Qg8# 1-0